| 000 -LEADER |
| fixed length control field |
01604cam a22004097i 4500 |
| 001 - CONTROL NUMBER |
| control field |
18231830 |
| 003 - CONTROL NUMBER IDENTIFIER |
| control field |
OSt |
| 005 - DATE AND TIME OF LATEST TRANSACTION |
| control field |
20190816150658.0 |
| 008 - FIXED-LENGTH DATA ELEMENTS--GENERAL INFORMATION |
| fixed length control field |
140718s2013 oncab 001 0 eng |
| 010 ## - LIBRARY OF CONGRESS CONTROL NUMBER |
| LC control number |
2014431559 |
| 020 ## - INTERNATIONAL STANDARD BOOK NUMBER |
| International Standard Book Number |
9781780261331 |
| 035 ## - SYSTEM CONTROL NUMBER |
| System control number |
(OCoLC)ocn844533662 |
| 040 ## - CATALOGING SOURCE |
| Original cataloging agency |
NLC |
| Language of cataloging |
eng |
| Transcribing agency |
NLC |
| Description conventions |
rda |
| Modifying agency |
OCLCO |
| -- |
CDX |
| -- |
CUS |
| -- |
VP@ |
| -- |
OCLCF |
| -- |
CN8BJ |
| -- |
DLC |
| 042 ## - AUTHENTICATION CODE |
| Authentication code |
lccopycat |
| 082 04 - DEWEY DECIMAL CLASSIFICATION NUMBER |
| Classification number |
382 BLU |
| Edition number |
23 |
| 100 1# - MAIN ENTRY--PERSONAL NAME |
| Personal name |
Blundell, Sally, |
| Dates associated with a name |
1963-, |
| Relator term |
author. |
| 245 14 - TITLE STATEMENT |
| Title |
The no-nonsense guide to fair trade / |
| Statement of responsibility, etc. |
Sally Blundell. |
| 246 30 - VARYING FORM OF TITLE |
| Title proper/short title |
Fair trade |
| 250 ## - EDITION STATEMENT |
| Edition statement |
New edition. |
| 264 #1 - PRODUCTION, PUBLICATION, DISTRIBUTION, MANUFACTURE, AND COPYRIGHT NOTICE |
| Place of production, publication, distribution, manufacture |
Toronto : |
| Name of producer, publisher, distributor, manufacturer |
New Internationalist Publications Ltd., |
| Date of production, publication, distribution, manufacture, or copyright notice |
2013. |
| 300 ## - PHYSICAL DESCRIPTION |
| Extent |
141 pages : |
| Other physical details |
illustrations, maps ; |
| Dimensions |
18 cm. |
| 336 ## - CONTENT TYPE |
| Content type term |
text |
| Content type code |
txt |
| Source |
rdacontent |
| 337 ## - MEDIA TYPE |
| Media type term |
unmediated |
| Media type code |
n |
| Source |
rdamedia |
| 338 ## - CARRIER TYPE |
| Carrier type term |
volume |
| Carrier type code |
nc |
| Source |
rdacarrier |
| 490 0# - SERIES STATEMENT |
| Series statement |
No-nonsense guides |
| 500 ## - GENERAL NOTE |
| General note |
Formerly CIP. <br/>Collection subset: Management and Business Studies <br/>Bibliography note: Includes bibliographical references and index. |
| 530 ## - ADDITIONAL PHYSICAL FORM AVAILABLE NOTE |
| Additional physical form available note |
Issued also in electronic format. |
| 650 #0 - SUBJECT ADDED ENTRY--TOPICAL TERM |
| Topical term or geographic name entry element |
International trade. |
| 650 #0 - SUBJECT ADDED ENTRY--TOPICAL TERM |
| Topical term or geographic name entry element |
Competition, Unfair. |
| 650 #7 - SUBJECT ADDED ENTRY--TOPICAL TERM |
| Topical term or geographic name entry element |
Competition, Unfair. |
| 650 #7 - SUBJECT ADDED ENTRY--TOPICAL TERM |
| Topical term or geographic name entry element |
International trade. |
| 700 1# - ADDED ENTRY--PERSONAL NAME |
| Personal name |
Ransom, David, |
| Dates associated with a name |
1946- |
| Title of a work |
No-nonsense guide to fair trade. |
| 776 1# - ADDITIONAL PHYSICAL FORM ENTRY |
| Main entry heading |
Blundell, Sally, 1963-, author. |
| Title |
No-nonsense guide to fair trade. |
| Edition |
New edition. |
| Series data for related item |
No-nonsense guides (Toronto, Ont.) |
| -- |
No-nonsense guide |
| Record control number |
(CaOONL)20139032835 |
| 906 ## - LOCAL DATA ELEMENT F, LDF (RLIN) |
| a |
7 |
| b |
cbc |
| c |
copycat |
| d |
3 |
| e |
ncip |
| f |
20 |
| g |
y-gencatlg |
| 942 ## - ADDED ENTRY ELEMENTS (KOHA) |
| Source of classification or shelving scheme |
|
| Koha item type |
Books - Non Ficton |